[Event "BCF-chT3N 1617 (4NCL)"]
[Site "England"]
[Date "2017.02.11"]
[Round "5.12"]
[White "Galyas, Miklos"]
[Black "Macklin, Paul"]
[Result "1/2-1/2"]
[WhiteElo "2491"]
[BlackElo "2372"]
[PlyCount "94"]
[EventDate "2016.11.26"]
[EventType "team-swiss"]
[EventRounds "11"]
[EventCountry "ENG"]
[SourceTitle "EXT 2019"]
[Source "ChessBase"]
[SourceDate "2018.10.10"]
[SourceVersion "1"]
[SourceVersionDate "2018.10.10"]
[SourceQuality "1"]
[WhiteTeam "Manx Liberty"]
[BlackTeam "Manchester Manticores"]
[WhiteTeamCountry "IOM"]
[BlackTeamCountry "ENG"]

1. d4 d6 2. Nf3 Bg4 3. e4 Nf6 4. h3 Bh5 5. Nc3 e6 6. Qe2 a6 7. g4 Bg6 8. h4 h5 9. g5 Nfd7 10. Bh3 Be7 11. d5 e5 12. Be3 b5 13. a3 Nb6 14. Nd2 c6 15. Nf1 Nc4 16. Ng3 Nxb2 17. 0-0 Nc4 18. Bf5 Qa5 19. Bd2 cxd5 20. Be1 Nc6 21. Nxd5 Qd8 22. c3 Nb6 23. a4 bxa4 24. Rb1 Nxd5 25. exd5 Na5 26. Qe4 0-0 27. Qxa4 Qc7 28. c4 Qxc4 29. Qxa5 Bxf5 30. Nxf5 Qg4+ 31. Ng3 Qxh4 32. Qc7 Bxg5 33. Qxd6 Bf4 34. Qd7 Rad8 35. Qf5 Rxd5 36. Rb4 g6 37. Qe4 Rfd8 38. Qg2 Rd3 39. Re4 Kh7 40. f3 Rd1 41. Nh1 Qf6 42. Nf2 Ra1 43. Nh3 Rdd1 44. Nxf4 exf4 45. Qe2 Rdc1 46. Re5 Rab1 47. Qe4 Rb5 1/2-1/2